000 00801nam a2200253Ia 4500
003 GCL
005 20240530101951.0
008 140319s9999 xx 000 0 ara d
040 _aGCL /
_cGCL
082 0 4 _a370.1931
_bع ن
100 1 _aعبدالفتاح ابراهيم تركى
245 1 0 _aنحو فلسفة تربوية لبناء الانسان العربى /
_cعبدالفتاح ابراهيم تركى
260 _a[S.N] :
_bدار المعرفة الجامعية ،
_c1993
300 _a195 ص
490 _aالمكتبة التربوية
_v0
650 0 4 _aالمجتمع
650 0 4 _aالتعليم
650 0 4 _aالتربية
650 0 4 _aالمدرسة
650 0 4 _aالتليفزيون
650 0 4 _aنظريات
650 0 4 _aالاجتماع
942 _2ddc
_cBK
999 _c29059
_d29059